Điện tử học : Năm Thứ Hai MP-MP* PT-PT* = Électronique

保存先:
書誌詳細
フォーマット: 図書
出版事項: Giáo dục 2002
タグ: タグ追加
タグなし, このレコードへの初めてのタグを付けませんか!
Thư viện lưu trữ: Mạng thư viện Đại học Đà Nẵng
LEADER 00553nam a2200217 a 4500
001 000029990
003 13588
005 20171030145630.0
008 171030s2002
020 |c 21000 
040 |a LTT 
082 0 |a 537.5  |b Đi-T 
245 0 0 |a Điện tử học : Năm Thứ Hai MP-MP* PT-PT* = Électronique  |c Văn Thế Minh dịch. 
260 |b Giáo dục  |c 2002 
OWN |a LTT 
999 |a From the UDN01 
TYP |a Monograph 
TYP |a Printed language 
980 |a Mạng thư viện Đại học Đà Nẵng